[Event "Muensterland Verbandsklasse-B 0405"]
[Site "Muensterland"]
[Date "2005.03.05"]
[Round "7.7"]
[White "Freckmann, Sascha"]
[Black "Gedack, Uwe"]
[Result "1-0"]
[WhiteElo "1727"]
[BlackElo "1701"]
[PlyCount "109"]
[EventDate "2004.09.11"]
[EventType "team-tourn"]
[EventRounds "9"]
[EventCountry "GER"]
[SourceTitle "EXT 2006"]
[Source "ChessBase"]
[SourceDate "2005.11.24"]
[SourceVersion "1"]
[SourceVersionDate "2005.11.24"]
[SourceQuality "1"]
[WhiteTeam "Stadtlohn"]
[BlackTeam "Luedinghausen"]
[WhiteTeamCountry "GER"]
[BlackTeamCountry "GER"]

1. d4 d5 2. c4 c6 3. e3 Nf6 4. Nc3 e6 5. Nf3 Be7 6. Bd3 0-0 7. 0-0 Nbd7 8. b3 Re8 9. Bb2 Bd6 10. Re1 dxc4 11. Bxc4 h6 12. e4 e5 13. d5 c5 14. Nb5 Bb8 15. Rc1 a6 16. Na3 Nf8 17. Nd2 Ng6 18. Bf1 b6 19. Nac4 Ng4 20. h3 Nf6 21. g3 Bd7 22. Qf3 Nh7 23. Ne3 Ng5 24. Qh5 Qc8 25. h4 Nh7 26. Ndc4 Nf6 27. Qf3 Qd8 28. Nf5 Bb5 29. h5 Nf8 30. Rcd1 Bxc4 31. Bxc4 Bd6 32. Bc1 N8h7 33. g4 Qd7 34. Kh1 Kh8 35. Rg1 b5 36. Bd3 Rg8 37. Be3 Rac8 38. Rc1 Rc7 39. a4 Rb8 40. g5 hxg5 41. Bxg5 Nxg5 42. Rxg5 Ne8 43. axb5 axb5 44. Rcg1 Bf8 45. Nh4 f6 46. Bf1 Rb6 47. Bh3 Qf7 48. Rg6 c4 49. h6 c3 50. Be6 Rxe6 51. dxe6 Qxe6 52. hxg7+ Bxg7 53. Qh5+ Kg8 54. Nf5 c2 55. Rh6 1-0

[Event "Muensterland Verbandsklasse-B 0304"]
[Site "Germany"]
[Date "2004.03.27"]
[Round "8.8"]
[White "Gedack, Uwe"]
[Black "Hoeggemann, Horst"]
[Result "1-0"]
[WhiteElo "1690"]
[BlackElo "1551"]
[PlyCount "49"]
[EventDate "2003.09.20"]
[EventType "team-tourn"]
[EventRounds "9"]
[EventCountry "GER"]
[SourceTitle "EXT 2005"]
[Source "ChessBase"]
[SourceDate "2004.11.15"]
[SourceVersion "1"]
[SourceVersionDate "2004.11.15"]
[SourceQuality "1"]
[WhiteTeam "Luedinghausen"]
[BlackTeam "Westbevern II"]
[WhiteTeamCountry "GER"]
[BlackTeamCountry "GER"]

1. Nf3 g6 2. c4 Bg7 3. g3 Nf6 4. Bg2 0-0 5. 0-0 d6 6. Nc3 c5 7. d4 Nbd7 8. d5 Rb8 9. Re1 a6 10. a4 Qa5 11. Bd2 b5 12. Nxb5 Qb6 13. a5 Qd8 14. Na7 Rxb2 15. Bc3 Rb7 16. Nc6 Qc7 17. Nxe7+ Kh8 18. e4 Ne5 19. Nxe5 Qxe7 20. Nc6 Qe8 21. e5 dxe5 22. Nxe5 Nd7 23. Nxg6+ hxg6 24. Bxg7+ Kxg7 25. Rxe8 1-0